Statistics for Name That Rapper

Click here to take the quiz!

General Stats

  • This quiz has been taken 6,392 times
  • The average score is 9 of 15

Answer Stats

SongRapper% Correct
Lose YourselfEminem
93%
Forgot about DreDr.Dre
89%
California LoveTupac
85%
Candy Shop50 Cent
84%
SuperbassNicki Minaj
67%
Nuthin but a G ThangSnoop Dogg
67%
TrophiesDrake
66%
Poetic JusticeKendrick Lamar
63%
3005Childish Gambino
54%
Love MeLil Wayne
44%
Man of the YearSchoolboy Q
39%
I'm Different2 Chainz
36%
The Show Goes OnLupe Fiasco
31%
My HittaYG
27%
I Don't Want HerEric Bellinger
8%

Score Distribution

Percentile by Number Answered

Percent of People with Each Score

Your Score History

You have not taken this quiz